[Event "Noteboom Mem A"]
[Site "Leiden NED"]
[Date "2008.02.01"]
[Round "1"]
[White "Van Roosmalen,S"]
[Black "Van Oosterom,C"]
[Result "1-0"]
[WhiteElo "2199"]
[BlackElo "2408"]
[EventDate "2008.02.01"]

1. d4 d5 2. c4 c6 3. Nf3 e6 4. Nc3 dxc4 5. e3 b5 6. a4 Bb4 7. Bd2 a5 8.
axb5 Bxc3 9. Bxc3 cxb5 10. b3 Nf6 11. bxc4 Ne4 12. Bb2 bxc4 13. Bxc4 O-O
14. Bd3 Bb7 15. Ba3 Re8 16. O-O Nd7 17. Qb1 1-0

[Event "Noteboom Mem A"]
[Site "Leiden NED"]
[Date "2008.02.01"]
[Round "1"]
[White "Van den Doel,E"]
[Black "Rens,C"]
[Result "1-0"]
[WhiteElo "2593"]
[BlackElo "2054"]
[EventDate "2008.02.01"]

1. e4 c5 2. Nf3 Nc6 3. Bb5 g6 4. O-O Bg7 5. Re1 e5 6. Bxc6 dxc6 7. d3 Qc7
8. a4 Nf6 9. a5 O-O 10. Nbd2 Bg4 11. Nc4 Bxf3 12. Qxf3 b5 13. Nd2 Nd7 14.
h4 Qd6 15. h5 Nf6 16. hxg6 fxg6 17. Qh3 Qd7 18. Qxd7 Nxd7 19. Nb3 Rf7 20.
Be3 Bf8 21. a6 Rb8 22. Na5 Rb6 23. Nb7 Nb8 24. Nxc5 Bxc5 25. Bxc5 Rxa6 26.
Bd6 Rb6 27. Bxe5 1-0

[Event "Noteboom Mem A"]
[Site "Leiden NED"]
[Date "2008.02.01"]
[Round "1"]
[White "Dgebuadze,A"]
[Black "Glimmerveen,M"]
[Result "1-0"]
[WhiteElo "2512"]
[BlackElo "2147"]
[EventDate "2008.02.01"]

1. e4 c5 2. Nf3 Nc6 3. d4 cxd4 4. Nxd4 e5 5. Nb5 a6 6. Nd6+ Bxd6 7. Qxd6
Qf6 8. Qd1 Qg6 9. Nc3 Nge7 10. Be3 d5 11. exd5 Nb4 12. Bd3 Nxd3+ 13. Qxd3
Bf5 14. Qd2 Bxc2 15. O-O O-O 16. Bc5 Rfe8 17. Rfe1 f6 18. f4 Rac8 19. Ba3
Bd3 20. d6 Nc6 21. d7 Nd4 22. Re3 1-0

[Event "Noteboom Mem A"]
[Site "Leiden NED"]
[Date "2008.02.01"]
[Round "1"]
[White "Hortensius,L"]
[Black "Van der Wiel,J"]
[Result "0-1"]
[WhiteElo "1965"]
[BlackElo "2490"]
[EventDate "2008.02.01"]

1. e4 c5 2. Nf3 d6 3. d4 Nf6 4. Nc3 cxd4 5. Nxd4 Nc6 6. Be2 g6 7. Be3 Bg7
8. O-O O-O 9. Qd2 Ng4 10. Bxg4 Bxg4 11. h3 Bd7 12. Rad1 Rc8 13. Nce2 a6 14.
Bh6 Nxd4 15. Nxd4 Qc7 16. Bxg7 Kxg7 17. Kh1 e5 18. Nf5+ Bxf5 19. exf5 Rfd8
20. c3 Qe7 21. fxg6 hxg6 22. f4 f5 23. Rfe1 e4 24. Re3 d5 25. Rg1 Qd6 26.
g4 Qxf4 27. gxf5 Qxf5 28. Reg3 Rc6 29. Qd4+ Kh7 30. Rg4 Rf6 31. Qa7 Rd7 32.
Qb8 Kg7 33. Rh4 Rf8 34. Qh2 Re7 35. Rhg4 Rf6 36. h4 Qf3+ 37. R4g2 e3 38.
Re1 e2 39. Qg3 Qxg3 40. Rxg3 Rf1+ 41. Rg1 Rf4 42. Rg2 Rxh4+ 43. Kg1 Rhe4
0-1

[Event "Noteboom Mem A"]
[Site "Leiden NED"]
[Date "2008.02.01"]
[Round "1"]
[White "Koes,R"]
[Black "Van Kampen,R"]
[Result "0-1"]
[WhiteElo "1949"]
[BlackElo "2243"]
[EventDate "2008.02.01"]

1. Nc3 c5 2. Nf3 Nc6 3. d4 cxd4 4. Nxd4 Nf6 5. Bg5 e6 6. e4 d6 7. Bc4 Qb6
8. Be3 Qxb2 9. Ndb5 Qb4 10. Qe2 Qa5 11. O-O a6 12. Nd5 exd5 13. exd5 Ne5
14. f4 Bg4 15. Rf3 Nxf3+ 16. gxf3 Bxf3 17. Qxf3 axb5 18. Qe2 Be7 19. Bxb5+
Kf8 20. c4 Qc7 21. a4 Nd7 22. Re1 Bf6 23. Bf2 g6 24. Qg4 Nc5 25. f5 Nd3 26.
Bd4 gxf5 0-1

[Event "Noteboom Mem A"]
[Site "Leiden NED"]
[Date "2008.02.01"]
[Round "1"]
[White "Pietrow,A"]
[Black "Lalic,B"]
[Result "0-1"]
[WhiteElo "2081"]
[BlackElo "2507"]
[EventDate "2008.02.01"]

1. e4 e6 2. d4 d5 3. Nc3 Nf6 4. e5 Nfd7 5. Nf3 c5 6. Bb5 Nc6 7. O-O Be7 8.
Bf4 O-O 9. dxc5 Nxc5 10. Re1 a6 11. Bd3 f5 12. exf6 Bxf6 13. Bg3 b5 14. Ne5
Nxe5 15. Bxe5 Bxe5 16. Rxe5 Qf6 17. Qe2 b4 18. Nd1 Ra7 19. a3 Rb7 20. axb4
Rxb4 21. Ra5 Nxd3 22. cxd3 Rb3 23. Ra3 Rxa3 24. bxa3 Bd7 25. Qb2 Rc8 26.
Ne3 Qd8 27. h3 Qc7 28. Qd4 Qc3 29. Rxd5 exd5 30. Qxd5+ Kh8 31. Qxd7 Qc1+
32. Kh2 Qc7+ 33. Qxc7 Rxc7 34. d4 Rc3 35. Kg3 Rxa3 36. Kf4 Kg8 37. Ke5 Kf7
38. Kd6 a5 39. Nc4 Ra2 40. d5 Ke8 41. Ke6 Re2+ 42. Kd6 a4 43. Kc6 Rxf2 44.
Nd6+ Ke7 45. Nc4 Rc2 46. Kb5 Rxc4 0-1

[Event "Noteboom Mem A"]
[Site "Leiden NED"]
[Date "2008.02.01"]
[Round "1"]
[White "Lahaye,R"]
[Black "Noordkamp,W"]
[Result "1-0"]
[WhiteElo "2377"]
[BlackElo "2043"]
[EventDate "2008.02.01"]

1. Nf3 d5 2. d4 Nf6 3. g3 e6 4. Bg2 c5 5. O-O Bd6 6. c4 dxc4 7. Qa4+ Nbd7
8. Na3 O-O 9. Nxc4 Nb6 10. Qc2 Nxc4 11. Qxc4 Qb6 12. Be3 Nd5 13. Bd2 Bd7
14. a4 Rac8 15. e4 cxd4 16. Qxd4 Qxd4 17. Nxd4 Nb6 18. a5 Nc4 19. Bc3 e5
20. Nf5 Bxf5 21. exf5 Rc7 22. Rfd1 Be7 23. Rd3 f6 24. Rad1 b6 25. Rd7 Rfc8
26. Bb7 1-0

[Event "Noteboom Mem A"]
[Site "Leiden NED"]
[Date "2008.02.01"]
[Round "1"]
[White "Pel,B"]
[Black "Van der Zon,S"]
[Result "1-0"]
[WhiteElo "2299"]
[BlackElo "1691"]
[EventDate "2008.02.01"]

1. Nc3 d5 2. e4 dxe4 3. Nxe4 Bf5 4. Qf3 Bxe4 5. Qxe4 Qc8 6. Bc4 Nf6 7. Qe2
e6 8. Nf3 Be7 9. O-O Nd5 10. Bxd5 exd5 11. Qe5 Qd7 12. Qxg7 Rf8 13. d4 Nc6
14. Bf4 O-O-O 15. Qxh7 Rh8 16. Qd3 Rdg8 17. Rfe1 Bd6 18. Bxd6 cxd6 19. Re3
Qh3 20. Re8+ 1-0

[Event "Noteboom Mem A"]
[Site "Leiden NED"]
[Date "2008.02.01"]
[Round "1"]
[White "Soors,S"]
[Black "Burg,T"]
[Result "0-1"]
[WhiteElo "2146"]
[BlackElo "2262"]
[EventDate "2008.02.01"]

1. d4 Nf6 2. c4 e5 3. dxe5 Ng4 4. Nf3 Bc5 5. e3 Nc6 6. Nc3 O-O 7. Be2 Ngxe5
8. Nxe5 Nxe5 9. O-O d6 10. Na4 Qe7 11. Qc2 a5 12. b3 Ba7 13. Bb2 f5 14.
Rac1 Bd7 15. c5 Bc6 16. Bd4 Qg5 17. f3 Nd7 18. cxd6 cxd6 19. Bxa7 Rxa7 20.
Qc4+ Kh8 21. Qd4 Raa8 22. Nb2 Rfe8 23. Rc3 Nf6 24. Bc4 d5 25. Be2 Re7 26.
Rfc1 Rae8 27. Nd1 Nh5 28. f4 Qh4 29. g3 Nxg3 30. hxg3 Qxg3+ 31. Kf1 Re4 32.
Qd2 d4 33. Rxc6 dxe3 0-1

[Event "Noteboom Mem A"]
[Site "Leiden NED"]
[Date "2008.02.01"]
[Round "1"]
[White "Cako,L"]
[Black "Kleijn,C"]
[Result "0-1"]
[WhiteElo "2206"]
[BlackElo "2235"]
[EventDate "2008.02.01"]

1. e4 c5 2. Nf3 d6 3. d4 cxd4 4. Nxd4 Nf6 5. Nc3 a6 6. Bc4 e6 7. Bb3 Nbd7
8. O-O Nc5 9. Qf3 Be7 10. Qg3 O-O 11. Bh6 Ne8 12. Be3 Qc7 13. Rfd1 b5 14.
a3 Bb7 15. f3 Kh8 16. Rd2 Nf6 17. Rad1 Nfd7 18. Bg5 Nf6 19. Kh1 h6 20. Be3
Nxb3 21. cxb3 Rac8 22. b4 Rfd8 23. Nb3 Nd7 24. Bd4 Bf8 25. Qf2 Qb8 26. Na5
Be7 27. Qg3 Rg8 28. Qh3 Bg5 29. Rf2 Bf4 30. Nd5 exd5 31. Qxd7 Ba8 32. g3
Rcd8 33. Qxf7 Be5 34. Bxe5 dxe5 35. exd5 Rgf8 36. Qg6 Bxd5 37. Nc6 Qb6 0-1

[Event "Noteboom Mem A"]
[Site "Leiden NED"]
[Date "2008.02.02"]
[Round "2"]
[White "Van Kampen,R"]
[Black "Dgebuadze,A"]
[Result "1/2-1/2"]
[WhiteElo "2243"]
[BlackElo "2512"]
[EventDate "2008.02.01"]

1. e4 e6 2. d4 d5 3. Nc3 Bb4 4. e5 Ne7 5. a3 Bxc3+ 6. bxc3 c5 7. h4 Nbc6 8.
h5 Qa5 9. Bd2 Qa4 10. Nf3 cxd4 11. cxd4 Nxd4 12. Bd3 Nec6 13. Kf1 Nxf3 14.
Qxf3 Qd4 15. Re1 f5 16. exf6 Qxf6 17. Qg3 O-O 18. Bg5 Qf7 19. Re3 e5 20.
Rf3 Qe8 21. Bf6 Rxf6 22. Rxf6 e4 23. Bb5 Qe7 24. Rd6 e3 25. h6 g6 26. fxe3
Ne5 27. Rd8+ Qxd8 28. Qxe5 Qf8+ 29. Ke1 Bf5 30. Qxd5+ Qf7 31. Qxf7+ Kxf7
32. Bd3 Kf6 33. Rh4 Re8 34. Kd2 Kg5 35. Rc4 Re7 36. Rc5 Kg4 37. e4 Be6 38.
Ke3 Bf7 39. Be2+ Kh4 40. Kf4 g5+ 41. Rxg5 Rxe4+ 42. Kxe4 Kxg5 43. Bd3 Kxh6
44. Kf4 1/2-1/2

[Event "Noteboom Mem A"]
[Site "Leiden NED"]
[Date "2008.02.02"]
[Round "2"]
[White "Van der Wiel,J"]
[Black "Friesen,Bo"]
[Result "1-0"]
[WhiteElo "2490"]
[BlackElo "2135"]
[EventDate "2008.02.01"]

1. e4 e6 2. d4 d5 3. Nd2 Nf6 4. e5 Nfd7 5. f4 c5 6. c3 Nc6 7. Ndf3 Qb6 8.
a3 Be7 9. b4 cxd4 10. cxd4 f6 11. Bd3 O-O 12. Bb2 Rf7 13. h4 fxe5 14. fxe5
Nf8 15. Qd2 Kh8 16. Ng5 Bxg5 17. hxg5 g6 18. Nf3 Bd7 19. Rh4 Ne7 20. Rf4
Rxf4 21. Qxf4 Nf5 22. Rc1 Qd8 23. Kd2 a5 24. Bc3 b6 25. g4 Ng7 26. bxa5
bxa5 27. Qf6 Qe8 28. Rb1 Bc6 29. Nh4 Kg8 30. Qf4 Qe7 31. Qf6 Qe8 32. Ke3
Nd7 33. Qf2 Qe7 34. Nf3 Qd8 35. Qd2 Nb8 36. Bxa5 Qxa5 37. Rxb8+ Kf7 38.
Qxa5 Rxa5 39. Rb3 Ra7 40. Ng1 Ba4 41. Rb1 Ke7 42. Ne2 Rc7 43. Rh1 Kd8 44.
Nf4 Be8 45. Kd2 Rf7 46. Ne2 1-0

[Event "Noteboom Mem A"]
[Site "Leiden NED"]
[Date "2008.02.02"]
[Round "2"]
[White "Otte,Mari"]
[Black "Wantola,I"]
[Result "0-1"]
[WhiteElo "2192"]
[BlackElo "2229"]
[EventDate "2008.02.01"]

1. e4 c5 2. Nf3 d6 3. d4 cxd4 4. Nxd4 Nf6 5. Nc3 g6 6. Be3 Bg7 7. f3 O-O 8.
Qd2 Nc6 9. O-O-O d5 10. Nxc6 bxc6 11. Bh6 Bxh6 12. Qxh6 Rb8 13. e5 Nd7 14.
h4 f6 15. h5 Qe8 16. exf6 Rxf6 17. hxg6 Qxg6 18. Qh2 h6 19. Ne4 dxe4 20.
Rxd7 Qg5+ 21. Rd2 Rxb2 22. Qc7 Rf8 23. Qxc6 Rb6 24. Bc4+ Kg7 25. Qxe4 Rf4
26. Qe2 Qf6 27. Rd8 Qb2+ 28. Kd1 Qb1+ 29. Kd2 Qb4+ 30. Kc1 Rxc4 31. Qe5+
Rf6 32. Qg3+ Rg6 33. Qe5+ Kf7 34. Rxc8 Qa3+ 35. Kd1 Qd6+ 0-1

[Event "Noteboom Mem A"]
[Site "Leiden NED"]
[Date "2008.02.02"]
[Round "2"]
[White "Lalic,B"]
[Black "Van Kooten,L"]
[Result "1/2-1/2"]
[WhiteElo "2507"]
[BlackElo "2250"]
[EventDate "2008.02.01"]

1. Nf3 Nf6 2. c4 g6 3. Nc3 d5 4. Qa4+ Bd7 5. Qb3 dxc4 6. Qxc4 Bg7 7. e4 Bc6
8. d3 O-O 9. Be2 a6 10. O-O b5 11. Qb3 e6 12. h3 Nbd7 13. Be3 Qe7 14. Rfc1
Bb7 15. a4 b4 16. Nb1 c5 17. Nbd2 a5 18. Nc4 e5 19. Nfd2 Ne8 20. Bg4 Nef6
21. Bf3 Ra6 22. Qd1 h5 23. Nb3 Rfa8 24. Be2 Nh7 25. Qf1 Nhf8 26. f4 exf4
27. Qxf4 Ne6 28. Qf2 Nd4 29. Bd1 f5 30. Bxd4 cxd4 31. exf5 Rf8 32. Qe2
1/2-1/2

[Event "Noteboom Mem A"]
[Site "Leiden NED"]
[Date "2008.02.02"]
[Round "2"]
[White "Kleijn,C"]
[Black "Li Shilong"]
[Result "0-1"]
[WhiteElo "2235"]
[BlackElo "2502"]
[EventDate "2008.02.01"]

1. e4 c5 2. Nf3 d6 3. d4 cxd4 4. Nxd4 Nf6 5. Nc3 a6 6. Be3 e6 7. Be2 Qc7 8.
a4 b6 9. f4 Bb7 10. Bf3 Nbd7 11. Nb3 Be7 12. O-O O-O 13. g4 h6 14. h4 Nh7
15. g5 hxg5 16. hxg5 e5 17. Nd5 Bxd5 18. Qxd5 exf4 19. Bxf4 Ne5 20. Bh5
Nxg5 21. Bxe5 dxe5 22. Bxf7+ Kh7 23. Be6 Rad8 24. Qc4 Nxe6 25. Qxe6 Rd6 26.
Qh3+ Rh6 27. Qd3 Bc5+ 28. Nxc5 Qxc5+ 29. Kg2 Rg6+ 30. Kh3 Rh8 31. Qb3 Qe3+
32. Qxe3 Kg8+ 33. Qh6 Rhxh6+ 0-1

[Event "Noteboom Mem A"]
[Site "Leiden NED"]
[Date "2008.02.02"]
[Round "2"]
[White "Lenhardt,M"]
[Black "Munnik,T"]
[Result "0-1"]
[WhiteElo "2148"]
[BlackElo "1984"]
[EventDate "2008.02.01"]

1. Nf3 c5 2. g3 Nc6 3. Bg2 g6 4. d3 Bg7 5. O-O e6 6. c3 Nge7 7. Nbd2 d6 8.
Nb3 O-O 9. e4 b6 10. d4 cxd4 11. Nfxd4 Ba6 12. Re1 Rc8 13. Bg5 h6 14. Nxc6
Rxc6 15. Bxe7 Qxe7 16. e5 d5 17. Nd4 Rc7 18. a4 Qd7 19. f4 Rb8 20. Re3 Bf8
21. b4 Bc4 22. a5 bxa5 23. Rxa5 Be7 24. h4 Rcb7 25. h5 g5 26. Bh3 Bd8 27.
Ra1 Bb6 28. fxg5 Bxd4 29. Qxd4 hxg5 30. Rf3 Kh8 31. Rf6 Rg8 32. Bf1 Qc7 33.
Qe3 Qb6 34. Qxb6 axb6 35. g4 Rd8 36. Kf2 Kg7 37. Ke3 Rc7 38. Bh3 Bb5 39.
Ra3 Rdc8 0-1

[Event "Noteboom Mem A"]
[Site "Leiden NED"]
[Date "2008.02.02"]
[Round "3"]
[White "Driessens,P"]
[Black "Nijboer,F"]
[Result "0-1"]
[WhiteElo "2304"]
[BlackElo "2578"]
[EventDate "2008.02.01"]

1. d4 f5 2. Nf3 Nf6 3. c4 g6 4. g3 Bg7 5. b4 O-O 6. Bb2 c6 7. a4 d5 8. Nbd2
Kh8 9. Bg2 Be6 10. Rc1 dxc4 11. Nxc4 Nd5 12. Qd2 Na6 13. Ba3 Nb6 14. Nb2
Bd5 15. O-O Nc7 16. Qc2 a5 17. e3 Be4 18. Qd2 axb4 19. Qxb4 Nbd5 20. Qxb7
Rb8 21. Qa7 Rb3 22. Ra1 f4 23. Nd2 Bxg2 24. Kxg2 Rc3 25. e4 Rc2 26. Nbc4
Ne6 27. exd5 Qxd5+ 28. Kg1 Rxc4 29. Nxc4 Ng5 30. Rfd1 fxg3 0-1

[Event "Noteboom Mem A"]
[Site "Leiden NED"]
[Date "2008.02.02"]
[Round "3"]
[White "Roobol,M"]
[Black "Van Kampen,R"]
[Result "1-0"]
[WhiteElo "2288"]
[BlackElo "2243"]
[EventDate "2008.02.01"]

1. d4 d5 2. c4 c6 3. Nc3 Nf6 4. Nf3 dxc4 5. a4 Bf5 6. e3 e6 7. Bxc4 Bb4 8.
O-O O-O 9. Nh4 Nbd7 10. f3 Bg6 11. Nxg6 hxg6 12. e4 Qb6 13. Be3 e5 14. Ne2
Rad8 15. Qb3 exd4 16. Bxd4 Bc5 17. Qxb6 Bxb6 18. Rfd1 Ne5 19. Bb3 Rxd4 20.
Rxd4 Nd3 21. a5 Bxd4+ 22. Nxd4 Rd8 23. Nc2 Nc5 24. Bc4 Rd2 25. Rc1 Nfd7 26.
b4 Nd3 27. Bxd3 Rxd3 28. Ne1 Rd2 29. a6 bxa6 30. Rxc6 Nb6 31. Rc7 Rb2 32.
Rxa7 Rxb4 33. Rxa6 Rb1 34. Kf2 Rb2+ 35. Kg3 Nc4 36. f4 Re2 37. Nf3 f6 38.
Ra8+ Kf7 39. Ra7+ Kg8 40. e5 Ne3 41. Nh4 Nf1+ 42. Kf3 Rb2 43. Nxg6 Nxh2+
44. Ke4 fxe5 45. Ra8+ Kf7 46. Kf5 1-0

[Event "Noteboom Mem A"]
[Site "Leiden NED"]
[Date "2008.02.02"]
[Round "3"]
[White "Li Shilong"]
[Black "Miedema,R"]
[Result "1-0"]
[WhiteElo "2502"]
[BlackElo "2287"]
[EventDate "2008.02.01"]

1. d4 e6 2. c4 Nf6 3. Nf3 b6 4. Nc3 Bb4 5. Bg5 h6 6. Bh4 g5 7. Bg3 Ne4 8.
Qc2 Bb7 9. e3 d6 10. Bd3 f5 11. Bxe4 Bxc3+ 12. Qxc3 Bxe4 13. d5 e5 14. Nxe5
dxe5 15. Qxe5+ Kf7 16. Qe6+ Kf8 17. f3 Bc2 18. Kf2 f4 19. exf4 Bh7 20.
Qxh6+ Ke8 21. Qxg5 Qxg5 22. fxg5 Na6 23. Rae1+ Kf7 24. Re6 Rhd8 25. Rhe1
1-0

[Event "Noteboom Mem A"]
[Site "Leiden NED"]
[Date "2008.02.02"]
[Round "3"]
[White "Oosthout,W"]
[Black "Hortensius,L"]
[Result "0-1"]
[WhiteElo "1995"]
[BlackElo "1965"]
[EventDate "2008.02.01"]

1. e4 e6 2. g3 d5 3. exd5 exd5 4. Bg2 Nf6 5. Ne2 Be7 6. O-O Nc6 7. d3 Bf5
8. Nbc3 d4 9. Nb5 Bc5 10. Bf4 Rc8 11. b4 Bb6 12. a4 a6 13. Na3 Nxb4 14.
Bxb7 Rb8 15. Bg2 O-O 16. Qd2 Bc5 17. Nc4 Re8 18. h3 Be6 19. Ne5 Nfd5 20.
Rab1 f6 21. Nf3 g5 22. Nxg5 Nxf4 23. gxf4 fxg5 24. fxg5 Bd5 25. f3 Bf7 26.
Ng3 Nd5 27. Rxb8 Qxb8 28. Nf5 Ne3 29. Nh6+ Kg7 30. Rf2 Qb1+ 31. Kh2 Bb4 32.
Nf5+ Nxf5 0-1

[Event "Noteboom Mem A"]
[Site "Leiden NED"]
[Date "2008.02.02"]
[Round "3"]
[White "Van der Wiel,J"]
[Black "Euser,K"]
[Result "1-0"]
[WhiteElo "2490"]
[BlackElo "1923"]
[EventDate "2008.02.01"]

1. e4 e6 2. d4 d5 3. Nd2 Nf6 4. e5 Nfd7 5. f4 c5 6. c3 Nc6 7. Ndf3 a6 8.
Bd3 b5 9. Ne2 Qb6 10. O-O b4 11. g4 cxd4 12. cxd4 h5 13. h3 Bb7 14. Kg2
hxg4 15. hxg4 Be7 16. f5 O-O-O 17. Bf4 Kb8 18. f6 Bf8 19. Ng5 Nxd4 20. Nxf7
gxf6 21. Nxd4 Qxd4 22. Nxd8 fxe5 23. Bg3 1-0

[Event "Noteboom Mem A"]
[Site "Leiden NED"]
[Date "2008.02.02"]
[Round "3"]
[White "Wantola,I"]
[Black "Hortensius,N"]
[Result "1-0"]
[WhiteElo "2229"]
[BlackElo "1965"]
[EventDate "2008.02.01"]

1. Nf3 d5 2. d4 Nf6 3. c4 c6 4. Nc3 e6 5. Bg5 h6 6. Bh4 dxc4 7. e4 g5 8.
Bg3 b5 9. Be2 Bb7 10. O-O Nbd7 11. Ne5 h5 12. Nxd7 Qxd7 13. Be5 Rh6 14. Qc2
Ng4 15. Bxg4 hxg4 16. Rfd1 f6 17. Bg3 f5 18. exf5 exf5 19. Re1+ Be7 20. Re5
Rf6 21. Rae1 Rf7 22. h4 O-O-O 23. Rxe7 Rxe7 24. Rxe7 Qxe7 25. Qxf5+ Rd7 26.
Ne4 gxh4 27. Bxh4 Qxh4 28. Nf6 Kb8 29. Nxd7+ Kc7 30. Qf7 Kd6 31. Nf6 Bc8
1-0

[Event "Noteboom Mem A"]
[Site "Leiden NED"]
[Date "2008.02.02"]
[Round "3"]
[White "Van Delft,M"]
[Black "Burg,T"]
[Result "0-1"]
[WhiteElo "2390"]
[BlackElo "2262"]
[EventDate "2008.02.01"]

1. e4 c5 2. Nf3 d6 3. d4 Nf6 4. Nc3 cxd4 5. Nxd4 a6 6. Qf3 g6 7. h3 Bg7 8.
Be3 O-O 9. g4 Nc6 10. O-O-O Bd7 11. Qg2 b5 12. Nxc6 Bxc6 13. h4 Qa5 14. Kb1
Nxe4 15. Nxe4 Qb4 16. Bc1 Qxe4 17. Qxe4 Bxe4 18. Rh3 Rac8 19. Bd3 Bxd3 20.
Rdxd3 Rc4 21. f3 Be5 22. Bd2 Rfc8 23. c3 f5 24. gxf5 gxf5 25. h5 Kf7 26. h6
R4c6 27. a3 Rg8 28. Ka2 e6 29. a4 d5 30. axb5 axb5 31. Rh1 Bf6 32. Kb3 Ra6
33. Kb4 Be7+ 34. Kb3 Ra4 35. Be3 Rg3 36. Bd4 Bf6 37. Bxf6 Kxf6 38. Rd4 Rxd4
39. cxd4 Rxf3+ 40. Kb4 Rd3 41. Kxb5 Rb3+ 0-1

[Event "Noteboom Mem A"]
[Site "Leiden NED"]
[Date "2008.02.02"]
[Round "3"]
[White "Van de Peut,A"]
[Black "Lemanczyk,T"]
[Result "0-1"]
[WhiteElo "1975"]
[BlackElo "2231"]
[EventDate "2008.02.01"]

1. e4 c5 2. Nc3 a6 3. g3 b5 4. Bg2 Bb7 5. Nh3 e6 6. O-O b4 7. Ne2 Nf6 8. d3
d5 9. e5 Nfd7 10. d4 cxd4 11. Nxd4 Nc6 12. Re1 Rc8 13. Nxe6 fxe6 14. Bg5
Be7 15. Qg4 Nc5 16. Rad1 Bxg5 17. Nxg5 Qe7 18. f4 O-O 19. f5 Rxf5 20. Nxe6
Rxe5 21. Bxd5 Rxe1+ 22. Rxe1 Kh8 23. Re2 Nxe6 24. Bxe6 Qc5+ 25. Kf1 Rf8+
0-1

[Event "Noteboom Mem A"]
[Site "Leiden NED"]
[Date "2008.02.02"]
[Round "3"]
[White "Gorter,Y"]
[Black "Rubingh,O"]
[Result "1-0"]
[WhiteElo "2084"]
[BlackElo "2267"]
[EventDate "2008.02.01"]

1. e4 d5 2. exd5 Nf6 3. Bb5+ Bd7 4. Bc4 Bg4 5. f3 Bf5 6. Nc3 a6 7. a4 c6 8.
dxc6 Nxc6 9. Nge2 e5 10. O-O Bc5+ 11. Kh1 Qd7 12. d3 O-O-O 13. Ng3 Be6 14.
Bxe6 Qxe6 15. Nge4 Bd4 16. Ne2 Ba7 17. Bd2 Nd5 18. Rb1 f5 19. N4c3 Ne3 20.
Bxe3 Bxe3 21. b4 Nd4 22. b5 a5 23. b6 Nxe2 24. Qxe2 Bxb6 25. Rb3 Bc5 26.
Nb5 Rhe8 27. Rfb1 Rd7 28. Rc3 b6 29. Qe1 Qe7 30. Rc4 Kd8 31. Qg3 g5 32. Re1
Qf6 33. Rd1 Re6 34. c3 f4 35. Qe1 Be3 36. Re4 Qf5 37. Na3 Red6 38. Qe2 g4
39. Nc4 Rh6 40. fxg4 Qg5 41. Nxe3 fxe3 42. Qxe3 Qxe3 43. Rxe3 Rc6 44. Rc1
Rd4 45. c4 e4 46. Rxe4 Rxd3 47. h4 Rd2 48. Rf1 Rc2 49. Rd1+ Kc8 50. Re8+
Kb7 51. Rd7+ Rc7 52. Rxc7+ Kxc7 53. Re4 Kd6 54. g5 Kc5 55. h5 Rd2 56. Re7
Kxc4 57. Rxh7 Rd5 58. Rg7 Rd4 59. g3 Kd3 60. h6 1-0

[Event "Noteboom Mem A"]
[Site "Leiden NED"]
[Date "2008.02.02"]
[Round "3"]
[White "Kuipers,S"]
[Black "Van Beek,Al"]
[Result "1-0"]
[WhiteElo "2302"]
[BlackElo "2334"]
[EventDate "2008.02.01"]

1. e4 e5 2. Nf3 Nc6 3. Bc4 Bc5 4. c3 Nf6 5. d3 d6 6. Nbd2 a6 7. Bb3 Ba7 8.
O-O h6 9. Nc4 Be6 10. d4 exd4 11. cxd4 d5 12. exd5 Nxd5 13. Nce5 Nxe5 14.
dxe5 c5 15. Qe2 Qc7 16. Rd1 Rd8 17. Qe4 Qc6 18. Be3 Rd7 19. Rac1 Nxe3 20.
Qxe3 O-O 21. Rxd7 Qxd7 22. Rd1 Qc8 23. Bxe6 Qxe6 24. b3 Qf5 25. h3 Re8 26.
g4 Qg6 27. Rd7 Qc6 28. Qd3 Bb8 29. Qf5 Rf8 30. Qd3 b5 31. Qd5 Qxd5 32. Rxd5
Rc8 33. Kf1 Kf8 34. Nd2 Ke7 35. Ne4 c4 36. bxc4 Rxc4 37. Nc5 Rc1+ 38. Kg2
Rc2 39. Nxa6 Ba7 40. Nb4 Rxf2+ 41. Kg3 Ke6 42. Rd6+ Kxe5 43. Ra6 Ke4 44.
Rxa7 Rf3+ 45. Kg2 Rf4 46. Rb7 h5 47. Kg3 Rf3+ 48. Kh4 hxg4 49. hxg4 f5 50.
Rxb5 fxg4 51. Kxg4 Ra3 52. Rc5 Ra7 53. Rc4+ Ke3 54. a4 Kd2 55. Nc6 Kd3 56.
Nxa7 Kxc4 57. Nb5 1-0

[Event "Noteboom Mem A"]
[Site "Leiden NED"]
[Date "2008.02.02"]
[Round "3"]
[White "Peeters,B"]
[Black "De Bruijne,A"]
[Result "0-1"]
[WhiteElo "2059"]
[BlackElo "2223"]
[EventDate "2008.02.01"]

1. Nf3 Nf6 2. c4 g6 3. d4 Bg7 4. Nc3 d6 5. e4 Bg4 6. Be2 c6 7. O-O Nbd7 8.
h3 Bxf3 9. Bxf3 c5 10. Rb1 cxd4 11. Qxd4 O-O 12. Be3 Nc5 13. b4 Nfxe4 0-1

[Event "Noteboom Mem A"]
[Site "Leiden NED"]
[Date "2008.02.02"]
[Round "4"]
[White "Burg,T"]
[Black "Van der Wiel,J"]
[Result "1/2-1/2"]
[WhiteElo "2262"]
[BlackElo "2490"]
[EventDate "2008.02.01"]

1. e4 g6 2. d4 Bg7 3. Nf3 d6 4. Nc3 Nf6 5. Bg5 Bg4 6. h3 Bxf3 7. Qxf3 Nc6
8. Bb5 Nd7 9. Bxc6 bxc6 10. O-O-O h6 11. Bf4 e5 12. dxe5 Nxe5 13. Qe2 O-O
14. Be3 Re8 15. Rhf1 Nd7 1/2-1/2

[Event "Noteboom Mem A"]
[Site "Leiden NED"]
[Date "2008.02.02"]
[Round "4"]
[White "Van Dongen,C1"]
[Black "Munnik,T"]
[Result "1-0"]
[WhiteElo "2315"]
[BlackElo "1984"]
[EventDate "2008.02.01"]

1. c4 c5 2. g3 Nc6 3. Bg2 g6 4. Nc3 Bg7 5. d3 d6 6. e4 e6 7. Nge2 Nge7 8.
O-O O-O 9. Rb1 a6 10. a3 Rb8 11. b4 cxb4 12. axb4 b5 13. cxb5 axb5 14. d4
Qc7 15. Bg5 f6 16. Be3 f5 17. d5 Ne5 18. Bf4 Nc4 19. dxe6 Bxe6 20. Nd4 Bxd4
21. Qxd4 Nc6 22. Qd1 fxe4 23. Nxe4 Rbd8 24. Bh6 Rf5 25. Ng5 Bc8 26. g4 Re5
27. Bd5+ 1-0

[Event "Noteboom Mem A"]
[Site "Leiden NED"]
[Date "2008.02.02"]
[Round "4"]
[White "Wantola,I"]
[Black "Kuipers,S"]
[Result "1-0"]
[WhiteElo "2229"]
[BlackElo "2302"]
[EventDate "2008.02.01"]

1. Nf3 Nf6 2. c4 c6 3. d4 d5 4. Nc3 e6 5. Bg5 Nbd7 6. e3 Qa5 7. cxd5 exd5
8. Bd3 Ne4 9. O-O Nxg5 10. Nxg5 Nf6 11. f4 Be7 12. Qc2 h6 13. Nf3 O-O 14.
Ne5 c5 15. a3 cxd4 16. exd4 Qb6 17. Qf2 Rd8 18. Rad1 Ng4 19. Qf3 Nxe5 20.
fxe5 Be6 21. Kh1 Qxb2 22. Nb5 a6 23. Nc7 Qb6 24. Nxa8 Rxa8 25. Rb1 Qxd4 26.
Rxb7 Qc5 27. a4 a5 28. h3 Rf8 29. Bf5 Qa3 30. Qxa3 Bxa3 31. Bxe6 fxe6 32.
Rxf8+ Kxf8 33. Kg1 Bc5+ 34. Kf1 Bd4 35. Rb5 Bc3 36. Rc5 Bxe5 37. Rxa5 Ke7
38. Rb5 Kd7 39. a5 Kc7 40. a6 Bd4 41. Rb7+ Kc8 42. Re7 Kb8 43. Rxe6 Ka7 44.
Rd6 Bf6 45. Rxd5 Kxa6 46. Rc5 Kb6 47. Rc2 Bd4 48. Ke2 Bc5 49. Kd3 Kc6 50.
Ke4 Kd6 51. Kf5 Bd4 52. Rd2 1-0

[Event "Noteboom Mem A"]
[Site "Leiden NED"]
[Date "2008.02.02"]
[Round "4"]
[White "Pel,B"]
[Black "Roobol,M"]
[Result "0-1"]
[WhiteElo "2299"]
[BlackElo "2288"]
[EventDate "2008.02.01"]

1. Nc3 g6 2. d4 Bg7 3. e4 d6 4. f4 a6 5. Nf3 b5 6. Bd3 Bb7 7. Be3 Nd7 8.
Qe2 c5 9. dxc5 Nxc5 10. Bxc5 Bxc3+ 11. bxc3 dxc5 12. e5 Nh6 13. O-O O-O 14.
Kh1 Qa5 15. c4 bxc4 16. Bxc4 Rad8 17. Rab1 Bc6 18. Bd3 Rb8 19. Rbe1 Rb2 20.
Nd2 Rxa2 21. f5 Nxf5 22. Rxf5 gxf5 23. Bxf5 Ra1 24. Bxh7+ Kg7 25. Bd3 Rg8
26. Kg1 Kf8 27. g3 Qc3 28. Rxa1 Qxa1+ 29. Nf1 Qd4+ 30. Ne3 Qxe5 31. Bxa6
Rg6 32. Qd2 Rd6 33. Qf2 Qe4 34. Kf1 Rf6 0-1

[Event "Noteboom Mem A"]
[Site "Leiden NED"]
[Date "2008.02.02"]
[Round "4"]
[White "Gorter,Y"]
[Black "Dgebuadze,A"]
[Result "0-1"]
[WhiteElo "2084"]
[BlackElo "2512"]
[EventDate "2008.02.01"]

1. e4 e6 2. d4 d5 3. Nc3 Bb4 4. e5 Ne7 5. Bd2 b6 6. Nce2 Bxd2+ 7. Qxd2 Ba6
8. Nf3 c5 9. c3 Nbc6 10. h4 Qc8 11. h5 h6 12. g4 Qc7 13. Rc1 Rc8 14. Qf4
Bd3 15. Qe3 Be4 16. Rh3 O-O 17. Nd2 Bh7 18. f4 Kh8 19. Rg3 cxd4 20. cxd4 b5
21. Nb3 Qb6 22. Qd2 a5 23. a3 a4 24. Nc5 Rc7 25. Bh3 Rfc8 26. Rgc3 Na5 27.
Ng3 Nc4 28. Qf2 Nc6 29. Ne2 Nxd4 30. Nxd4 Rxc5 31. g5 hxg5 32. fxg5 Nxe5
33. Bf1 b4 34. axb4 Qxb4 35. g6 Rxc3 36. Rxc3 Rxc3 37. bxc3 Qxc3+ 38. Kd1
Bg8 39. Qh4 Qa1+ 40. Ke2 Qb2+ 41. Kd1 a3 42. gxf7 Nxf7 0-1